| 000 | 00532nam a22001457a 4500 | ||
|---|---|---|---|
| 082 | _a620.005 | ||
| 100 | _aBhutta, Alina Abid | ||
| 245 |
_aanalysis of Technological Innovation Implementing Triple Helix Model and Proposing its Framework for Pakistan / _cAlina Abid Bhutta |
||
| 260 |
_aIslamabad : _bCEME - NUST, _c2014. |
||
| 300 |
_a101 p. ; _c30cm. |
||
| 650 |
_aEngineering Management-MS-Thesis _916065 |
||
| 700 |
_aDr. Akhtar Nawaz Malik _916099 |
||
| 942 |
_2ddc _cTHE |
||
| 999 |
_c536444 _d536444 |
||